000 00893nam a2200445 a 4500
000 BKB
001 153645
005 20200902161118.0
008 161207 ### HIN
010 _a
020 _a9780199457077
082 _a333.75082
_bA15G
100 _aAgarwal, Bina
110 _a
245 _aGender and green governance
_cby Bina Agarwal
250 _a
260 _aNew Delhi
_bOxford University Press
_c2015
300 _a488p.
490 _a
_v
500 _a
600 _a
610 _a
611 _a
630 _a
650 _a
651 _a
654 _a
690 _aWomen in forestry; Community forestry
700 _a
_b
_c
710 _a
_b
_c
711 _a
720 _a
730 _a
740 _a
752 _a
856 _d
_f
904 _a
964 _a
_bENG
_c
_d
_e
_f
_g
965 _a
999 _c16262
_d16262